Every EM-Winner - Statistics

General Stats
  • This quiz has been taken 4 times
  • The average score is 16 of 17
Answer Stats
Hint Answer % Correct
1992 Denmark
100%
2000 France
100%
1984 France
100%
1996 Germany
100%
1980 Germany
100%
1972 Germany
100%
2021 Italy
100%
1968 Italy
100%
1988 Netherlands
100%
2016 Portugal
100%
2024 Spain
100%
2012 Spain
100%
2008 Spain
100%
1964 Spain
100%
2004 Greece
75%
1976 Czechoslovakia
50%
1960 Soviet Union
50%
No matching quizzes found
Score Distribution
Percent of People with Each Score
Percentile by Number Answered
Your Score History
You have not taken this quiz